| 000 | 01311cam a2200277 i 4500 | ||
|---|---|---|---|
| 003 | SA-RiAUC | ||
| 005 | 20250520060132.0 | ||
| 008 | 250519s1985 ua g 00000 ara c | ||
| 040 |
_aSA-RiAUC _bara _cSA-RiAUC _erda |
||
| 082 | 0 | 4 |
_a262 _qSA-RiAUC |
| 090 |
_a262 _bح ا ر |
||
| 100 | 1 |
_aالحارث المحاسبي، الحارث بن أسد المحاسبي، _dتوفي 243 هجري _eمؤلف. |
|
| 245 | 1 | 0 |
_aرسالة المسترشدين / _cللحارث المحاسبي أبي عبد الله الحارث بن أسد المحاسبي البصري ؛ حققه وخرج أحاديثه وعلق عليه عبد الفتاح أبو غده. |
| 250 | _aالطبعة السادسة. | ||
| 264 | 1 |
_aالقاهرة ؛ _aحلب سوريا : _bدار السلام للطباعة والنشر، _c1985 |
|
| 300 |
_a219 صفحة ؛ _c24 سم |
||
| 336 |
_aنص _btxt _2rdacontent _3كتاب |
||
| 337 |
_aبدون وسيط _bn _2rdamedia |
||
| 338 |
_aمجلد _bnc _2rdacarrier |
||
| 650 | 7 |
_aالوعظ والإرشاد _2aucsh |
|
| 650 | 7 |
_aالتصوف الإسلامي _2aucsh |
|
| 650 | 7 |
_aالوعظ والإرشاد _2aucsh |
|
| 700 | 1 |
_aأبو غدة، عبد الفتاح بن محمد بن بشير، _d1917-1997 _eمحقق. |
|
| 942 |
_2ddc _cBOOK _n0 |
||
| 949 |
_aSA-JeALM _d250519 _umohamedma123 _n1 |
||
| 999 |
_c8117 _d8117 |
||